| 000 | 00914nam a2200301 a 4500 | ||
|---|---|---|---|
| 999 |
_c7458 _d7458 |
||
| 001 | 991043077629706706 | ||
| 003 | OSt | ||
| 005 | 20211130130450.0 | ||
| 008 | 120419s2012 spc|||| |||| 0|0 0aspa| | ||
| 015 |
_aLL2012 _2bnc |
||
| 017 |
_aDL B. 6898-2012 _bBiblioteca de Catalunya |
||
| 020 | _a9788466651141 | ||
| 035 | _a(ES-BaCBU)b52633536-34csuc_network | ||
| 035 | _a(ES-BaCBU).b52633536 | ||
| 035 | _a(ccuc001)b52633536 | ||
| 035 | _a(OCoLC)1120312684 | ||
| 040 |
_aES-BaBC _bcat _cES-BaBC _dCDMR |
||
| 080 | _a929Sardà, Xavier | ||
| 100 | 1 |
_aSardà, Xavier _92949 |
|
| 245 | 1 | 0 |
_aMierda de infancia / _cXavier Sardà |
| 260 |
_aBarcelona [etc.] : _bEdiciones B, Grupo Zeta, _c2012 |
||
| 300 |
_a264 p. ; _c23 cm |
||
| 600 | 1 | 0 |
_aSardà, Xavier _2lemac _92949 |
| 907 |
_a.b52633536 _b17-02-21 _c19-04-12 _d19-04-12 _em _fa _g- _hspa _ispc _j0 _k0 |
||
| 908 |
_aBC _aUAB |
||
| 940 | _aBC | ||
| 942 |
_2udc _cMON |
||